000
00313nam a2200133Ia 4500
003
OSt
005
20240330120818.0
008
170523s9999 xx 000 0 und d
020
_a
9789385965050
040
_c
IIMT
100
_a
SHARMA R C
245
0
_a
BUSSINESS CORRESPONDENCE : REPORT WRITING
942
_2
ddc
_c
02
999
_c
10341
_d
10341